Tilastot visalle Kirjaimeen I päättyvät valtiot

Klikkaa tästä pelataksesi tätä visaa!

Yleistilastot

  • Tätä visaa on pelattu 1 030 kertaa
  • Keskiarvotulos 14 / 20

Vastaustilastot

MaanosaValtio% Oikein
EurooppaSuomi
95%
EurooppaRuotsi
94%
EurooppaIslanti
89%
EurooppaIrlanti
85%
AasiaJapani
78%
EurooppaPortugali
78%
OseaniaUusi-Seelanti
77%
OseaniaFidži
70%
EurooppaSveitsi
70%
Pohjois-AmerikkaHaiti
69%
EurooppaTšekki
69%
AfrikkaEgypti
67%
EurooppaUnkari
66%
OseaniaKiribati
64%
AfrikkaMali
63%
AasiaTurkki
63%
AfrikkaDjibouti
52%
AfrikkaBurundi
51%
AfrikkaMalawi
43%
AasiaBrunei
41%

Tulosjakauma

Persentiili vastausten määrän mukaan

Jokaisen tuloksen saaneiden osuus

Tuloshistoriasi

Et ole pelannut tätä visaa